Set for life (Record no. 121129)

MARC details
000 -LEADER
fixed length control field 00832nas a22001937a 4500
001 - CONTROL NUMBER
control field K121129
007 - PHYSICAL DESCRIPTION FIXED FIELD--GENERAL INFORMATION
fixed length control field ta
008 - FIXED-LENGTH DATA ELEMENTS--GENERAL INFORMATION
fixed length control field 191014b2019 ||||| |||| 00| 0 eng d
041 ## - LANGUAGE CODE
Language code of text/sound track or separate title eng
100 ## - MAIN ENTRY--PERSONAL NAME
Personal author Green, Andrew
245 ## - TITLE STATEMENT
Title Set for life
260 ## - PUBLICATION INFORMATION
Date 2019
490 ## - SERIES TITLE
Series statement RICS Property Journal
Volume October-November 2019, 24-27(4)
520 ## - ABSTRACT
Abstract Summarises the key points and coverage of International Construction Measurement Standards (ICMS2) (K121112) published October 2019 relating to construction and life cycle benchmarking costs including asset renewals, operations and maintenance and end of life costs. Compares ICMS1 and ICMS2.
650 ## - KEYWORDS
Keywords ICMS2
651 ## - SUBJECT ADDED ENTRY--GEOGRAPHIC NAME
Geographic name United Kingdom 1973
690 ## - LOCAL SUBJECT ADDED ENTRY--TOPICAL TERM (OCLC, RLIN)
9 (RLIN) 6256
Topical term or geographic name as entry element Measurement
856 ## - ONLINE RESOURCE
Uniform Resource Identifier https://issuu.com/ricsmodus/docs/property_journal_oct-nov_2019
Link text Available free online via Issuu
Holdings
Withdrawn status Lost status Damaged status Not for loan Home library Current library Shelving location Date acquired Total Checkouts Date last seen Price effective from Koha item type
        Virtual Virtual Online 14/10/2019   14/10/2019 14/10/2019 Journal article